[Event "GER-ch Youth U14 2019"]
[Site "Willingen"]
[Date "2019.06.09"]
[Round "2.22"]
[White "Wellssow, Keoki"]
[Black "Elsner, Robert"]
[Result "0-1"]
[WhiteElo "1509"]
[BlackElo "1745"]
[Annotator "NA"]
[PlyCount "46"]
[EventDate "2019.06.07"]
[EventType "swiss"]
[EventRounds "9"]
[EventCountry "GER"]
[SourceTitle "playchess.com"]
[Source "ChessBase"]
[SourceQuality "1"]
[TimeControl "40/5400+30:1800+30"]

1. c4 {[%emt 0:00:00]} Nf6 {[%emt 0:00:00]} 2. g3 {[%emt 0:00:00]} g6 {[%emt 0:00:00]} 3. Bg2 {[%emt 0:00:00]} Bg7 {[%emt 0:00:00]} 4. Nc3 {[%emt 0:00:35]} O-O {[%emt 0:00:00]} 5. e3 {[%emt 0:01:57]} d6 {[%emt 0:00:00]} 6. Nge2 {[%emt 0:00:48]} e5 {[%emt 0:00:00]} 7. O-O {[%emt 0:00:54]} Nbd7 {[%emt 0:00:00]} 8. d3 {[%emt 0:01:10]} Ne8 {[%emt 0:00:19]} 9. f4 {[%emt 0:03:53]} f5 {[%emt 0:00:46]} 10. e4 {[%emt 0:17:45]} fxe4 {[%emt 0:06:48]} 11. Nxe4 {[%emt 0:02:40]} exf4 {[%emt 0:01:28]} 12. Nxf4 {[%emt 0:03:17]} Ne5 {[%emt 0:02:02]} 13. Rb1 {[%emt 0:23:03]} Nf6 {[%emt 0:06:26]} 14. Nxf6+ {[%emt 0:16:28]} Rxf6 {[%emt 0:02:40]} 15. Nd5 {[%emt 0:07:22]} Rxf1+ {[%emt 0:01:08]} 16. Qxf1 {[%emt 0:01:06]} c6 {[%emt 0:00:06]} 17. Nc3 {[%emt 0:01:35]} Ng4 {[%emt 0:03:52]} 18. Bh3 {[%emt 0:12:09]} Bd4+ {[%emt 0:02:31]} 19. Kg2 {[%emt 0:01:14]} Nf2 {[%emt 0:00:04]} 20. Bxc8 {[%emt 0:01:29]} Qxc8 {[%emt 0:00:03]} 21. Bf4 {[%emt 0:02:09]} Qh3+ {[%emt 0:00:10]} 22. Kf3 {[%emt 0:00:21]} Qg4+ {[%emt 0:00:20]} 23. Kg2 {[%emt 0:01:01]} Rf8 {[%emt 0:00:04] normal} 0-1

[Event "GER-ch Youth U14 2019"]
[Site "Willingen"]
[Date "2019.06.10"]
[Round "3.1"]
[White "Weihrauch, Jakob"]
[Black "Krastev, Alexander"]
[Result "1/2-1/2"]
[WhiteElo "2158"]
[BlackElo "2344"]
[Annotator "ChessBase"]
[PlyCount "48"]
[EventDate "2019.06.07"]
[EventType "swiss"]
[EventRounds "9"]
[EventCountry "GER"]
[SourceTitle "playchess.com"]
[Source "ChessBase"]
[SourceQuality "1"]
[TimeControl "40/5400+30:1800+30"]

1. e4 {[%emt 0:00:00]} e5 {[%emt 0:00:00]} 2. Nf3 {[%emt 0:00:00]} Nc6 {[%emt 0:00:00]} 3. Bb5 {[%emt 0:00:00]} a6 {[%emt 0:00:00]} 4. Ba4 {[%emt 0:00:00]} d6 {[%emt 0:00:00]} 5. O-O {[%emt 0:02:09]} Bd7 {[%emt 0:00:00]} 6. c3 {[%emt 0:01:30]} Nf6 {[%emt 0:00:09]} 7. Re1 {[%emt 0:01:16]} g6 {[%emt 0:00:05]} 8. d4 {[%emt 0:01:33]} b5 {[%emt 0:00:07]} 9. Bc2 {[%emt 0:00:16]} Bg7 {[%emt 0:00:06]} 10. Nbd2 {[%emt 0:01:20]} O-O {[%emt 0:00:18]} 11. Nf1 {[%emt 0:02:06]} Re8 {[%emt 0:20:23]} 12. d5 {[%emt 0:14:16]} Na5 {[%emt 0:05:17]} 13. Bg5 {[%emt 0:07:20]} h6 {[%emt 0:01:38]} 14. Bxf6 {[%emt 0:01:32]} Qxf6 {[%emt 0:03:44]} 15. Ne3 {[%emt 0:01:07]} c5 {[%emt 0:17:54]} 16. dxc6 {[%emt 0:03:40]} Bxc6 {[%emt 0:00:52]} 17. Nd5 {[%emt 0:05:20]} Qd8 {[%emt 0:05:59]} 18. a4 {[%emt 0:02:46]} Rc8 {[%emt 0:00:44]} 19. Nb4 {[%emt 0:07:13]} Bb7 {[%emt 0:01:32]} 20. axb5 {[%emt 0:02:32]} axb5 {[%emt 0:00:40]} 21. Qd3 {[%emt 0:01:35]} Nc4 {[%emt 0:12:06]} 22. b3 {[%emt 0:01:50]} Nb6 {[%emt 0:00:07]} 23. Ra5 {[%emt 0:08:52]} f5 {[%emt 0:10:36]} 24. Rxb5 {[%emt 0:10:23]} fxe4 {[%emt 0:03:00] normal} 1/2-1/2

[Event "GER-ch Youth U14 2019"]
[Site "Willingen"]
[Date "2019.06.10"]
[Round "3.2"]
[White "Musiolik, David"]
[Black "Pubantz, Jan"]
[Result "0-1"]
[WhiteElo "2132"]
[BlackElo "2192"]
[Annotator "NA"]
[PlyCount "33"]
[EventDate "2019.06.07"]
[EventType "swiss"]
[EventRounds "9"]
[EventCountry "GER"]
[SourceTitle "playchess.com"]
[Source "ChessBase"]
[SourceQuality "1"]
[TimeControl "40/5400+30:1800+30"]

1. e4 {[%emt 0:00:00]} c6 {[%emt 0:00:00]} 2. Nc3 {[%emt 0:00:00]} d5 {[%emt 0:00:00]} 3. Nf3 {[%emt 0:00:00]} dxe4 {[%emt 0:05:14]} 4. Nxe4 {[%emt 0:00:55]} Nf6 {[%emt 0:00:08]} 5. d3 {[%emt 0:10:50]} Bf5 {[%emt 0:14:34]} 6. Ng3 {[%emt 0:04:31]} Bg6 {[%emt 0:03:10]} 7. Nh4 {[%emt 0:04:43]} e6 {[%emt 0:03:41]} 8. Be2 {[%emt 0:04:20]} Nbd7 {[%emt 0:02:25]} 9. Nxg6 {[%emt 0:11:30]} hxg6 {[%emt 0:00:08]} 10. Ne4 {[%emt 0:02:04]} Qc7 {[%emt 0:12:23]} 11. Nxf6+ {[%emt 0:19:39]} gxf6 {[%emt 0:01:47]} 12. h3 {[%emt 0:00:51]} O-O-O {[%emt 0:02:53]} 13. Be3 {[%emt 0:01:39]} Nb6 {[%emt 0:09:56]} 14. c3 {[%emt 0:11:54]} Nd5 {[%emt 0:15:17]} 15. Qd2 {[%emt 0:01:41]} f5 {[%emt 0:05:55]} 16. g3 {[%emt 0:02:59]} Kb8 {[%emt 0:01:27]} 17. Kd1 {[%emt 0:07:59] normal} 0-1

[Event "GER-ch Youth U14 2019"]
[Site "Willingen"]
[Date "2019.06.10"]
[Round "3.3"]
[White "Colbow, Collin"]
[Black "Simukov, Erik"]
[Result "1-0"]
[WhiteElo "2169"]
[BlackElo "1904"]
[Annotator "ChessBase"]
[PlyCount "49"]
[EventDate "2019.06.07"]
[EventType "swiss"]
[EventRounds "9"]
[EventCountry "GER"]
[SourceTitle "playchess.com"]
[Source "ChessBase"]
[SourceQuality "1"]
[TimeControl "40/5400+30:1800+30"]

1. e4 {[%emt 0:00:00]} e5 {[%emt 0:00:00]} 2. Nf3 {[%emt 0:00:00]} Nc6 {[%emt 0:00:00]} 3. Bb5 {[%emt 0:00:00]} a6 {[%emt 0:00:00]} 4. Ba4 {[%emt 0:00:00]} Nf6 {[%emt 0:00:12]} 5. O-O {[%emt 0:00:12]} Be7 {[%emt 0:00:15]} 6. d3 {[%emt 0:00:20]} d6 {[%emt 0:00:30]} 7. c3 {[%emt 0:03:42]} O-O {[%emt 0:01:33]} 8. Re1 {[%emt 0:03:14]} b5 {[%emt 0:01:30]} 9. Bc2 {[%emt 0:03:06]} Re8 {[%emt 0:08:37]} 10. Nbd2 {[%emt 0:03:56]} Bf8 {[%emt 0:04:10]} 11. Nf1 {[%emt 0:03:52]} g6 {[%emt 0:02:15]} 12. Ng3 {[%emt 0:01:48]} Bg7 {[%emt 0:02:34]} 13. h3 {[%emt 0:10:44]} d5 {[%emt 0:05:06]} 14. Bd2 {[%emt 0:06:44]} h6 {[%emt 0:11:59]} 15. Nh2 {[%emt 0:02:38]} Be6 {[%emt 0:23:19]} 16. Qc1 {[%emt 0:04:55]} Kh7 {[%emt 0:04:49]} 17. f4 {[%emt 0:03:11]} dxe4 {[%emt 0:01:05]} 18. dxe4 {[%emt 0:01:35]} exf4 {[%emt 0:00:59]} 19. Bxf4 {[%emt 0:00:59]} Nd7 {[%emt 0:00:41]} 20. Nf5 {[%emt 0:04:17]} Bxf5 {[%emt 0:06:37]} 21. exf5 {[%emt 0:00:14]} Nce5 {[%emt 0:00:12]} 22. Ng4 {[%emt 0:05:05]} Nxg4 {[%emt 0:01:01]} 23. hxg4 {[%emt 0:00:28]} Ne5 {[%emt 0:04:32]} 24. Be4 {[%emt 0:17:46]} Rb8 {[%emt 0:02:55]} 25. Qc2 {[%emt 0:01:19] normal} 1-0

[Event "GER-ch Youth U14 2019"]
[Site "Willingen"]
[Date "2019.06.10"]
[Round "3.4"]
[White "Bethke, Richard"]
[Black "von Krosigk, Florian"]
[Result "1-0"]
[WhiteElo "2246"]
[BlackElo "1926"]
[Annotator "NA"]
[PlyCount "49"]
[EventDate "2019.06.07"]
[EventType "swiss"]
[EventRounds "9"]
[EventCountry "GER"]
[SourceTitle "playchess.com"]
[Source "ChessBase"]
[SourceQuality "1"]
[TimeControl "40/5400+30:1800+30"]

1. e4 {[%emt 0:00:00]} c5 {[%emt 0:00:00]} 2. Nf3 {[%emt 0:00:00]} d6 {[%emt 0:00:00]} 3. d4 {[%emt 0:00:00]} cxd4 {[%emt 0:00:00]} 4. Nxd4 {[%emt 0:00:04]} Nf6 {[%emt 0:00:00]} 5. Nc3 {[%emt 0:00:05]} a6 {[%emt 0:00:02]} 6. Be3 {[%emt 0:00:24]} Ng4 {[%emt 0:00:45]} 7. Bg5 {[%emt 0:00:12]} h6 {[%emt 0:00:07]} 8. Bh4 {[%emt 0:00:03]} g5 {[%emt 0:00:10]} 9. Bg3 {[%emt 0:00:03]} Bg7 {[%emt 0:00:21]} 10. h3 {[%emt 0:00:08]} Ne5 {[%emt 0:00:09]} 11. f3 {[%emt 0:00:04]} Nbc6 {[%emt 0:00:22]} 12. Bf2 {[%emt 0:00:16]} Nxd4 {[%emt 0:01:07]} 13. Bxd4 {[%emt 0:00:10]} Be6 {[%emt 0:00:20]} 14. h4 {[%emt 0:03:41]} Qa5 {[%emt 0:12:05]} 15. hxg5 {[%emt 0:01:31]} hxg5 {[%emt 0:00:34]} 16. Rxh8+ {[%emt 0:00:38]} Bxh8 {[%emt 0:00:04]} 17. Qd2 {[%emt 0:00:52]} Rc8 {[%emt 0:01:25]} 18. Qf2 {[%emt 0:06:31]} Rc6 {[%emt 0:17:59]} 19. a3 {[%emt 0:16:17]} Kf8 {[%emt 0:20:41]} 20. O-O-O {[%emt 0:04:39]} b5 {[%emt 0:10:41]} 21. Nd5 {[%emt 0:10:04]} Bxd5 {[%emt 0:05:55]} 22. exd5 {[%emt 0:00:11]} Rc8 {[%emt 0:00:05]} 23. Qd2 {[%emt 0:11:01]} Qa4 {[%emt 0:05:52]} 24. Kb1 {[%emt 0:00:44]} b4 {[%emt 0:04:22]} 25. b3 {[%emt 0:20:20] normal} 1-0

[Event "GER-ch Youth U14 2019"]
[Site "Willingen"]
[Date "2019.06.10"]
[Round "3.5"]
[White "Hetzner, Hannes"]
[Black "Deutsch, Christoph"]
[Result "1-0"]
[WhiteElo "1996"]
[BlackElo "1937"]
[Annotator "NA"]
[PlyCount "60"]
[EventDate "2019.06.07"]
[EventType "swiss"]
[EventRounds "9"]
[EventCountry "GER"]
[SourceTitle "playchess.com"]
[Source "ChessBase"]
[SourceQuality "1"]
[TimeControl "40/5400+30:1800+30"]

1. e4 {[%emt 0:00:00]} e5 {[%emt 0:00:00]} 2. Nf3 {[%emt 0:00:00]} Nc6 {[%emt 0:00:00]} 3. d4 {[%emt 0:00:00]} exd4 {[%emt 0:00:00]} 4. Nxd4 {[%emt 0:00:00]} Nf6 {[%emt 0:00:03]} 5. Nxc6 {[%emt 0:00:01]} bxc6 {[%emt 0:00:05]} 6. e5 {[%emt 0:00:06]} Qe7 {[%emt 0:00:06]} 7. Qe2 {[%emt 0:00:06]} Nd5 {[%emt 0:00:06]} 8. c4 {[%emt 0:00:09]} Nb6 {[%emt 0:00:05]} 9. Nc3 {[%emt 0:00:10]} Ba6 {[%emt 0:00:07]} 10. b3 {[%emt 0:01:55]} Qe6 {[%emt 0:01:25]} 11. Bb2 {[%emt 0:04:37]} O-O-O {[%emt 0:02:01]} 12. O-O-O {[%emt 0:01:50]} d5 {[%emt 0:02:18]} 13. exd6 {[%emt 0:04:31]} cxd6 {[%emt 0:00:46]} 14. g3 {[%emt 0:17:59]} Qxe2 {[%emt 0:07:29]} 15. Nxe2 {[%emt 0:08:58]} Rg8 {[%emt 0:02:04]} 16. Bg2 {[%emt 0:05:45]} Kc7 {[%emt 0:05:19]} 17. Nd4 {[%emt 0:03:45]} Bb7 {[%emt 0:00:32]} 18. Rd2 {[%emt 0:06:45]} g6 {[%emt 0:04:55]} 19. Rhd1 {[%emt 0:04:28]} Bg7 {[%emt 0:01:39]} 20. Ba3 {[%emt 0:05:20]} Bxd4 {[%emt 0:15:29]} 21. Rxd4 {[%emt 0:01:46]} d5 {[%emt 0:00:14]} 22. Be7 {[%emt 0:10:45]} Rde8 {[%emt 0:04:05]} 23. cxd5 {[%emt 0:03:48]} Nxd5 {[%emt 0:00:51]} 24. Bc5 {[%emt 0:01:35]} Re2 {[%emt 0:03:06]} 25. R1d2 {[%emt 0:02:05]} Rxd2 {[%emt 0:00:45]} 26. Kxd2 {[%emt 0:00:08]} a6 {[%emt 0:00:51]} 27. Kd3 {[%emt 0:10:10]} Re8 {[%emt 0:02:13]} 28. Rh4 {[%emt 0:01:26]} h5 {[%emt 0:00:55]} 29. Re4 {[%emt 0:00:06]} Rxe4 {[%emt 0:06:47]} 30. Kxe4 {[%emt 0:00:57]} Bc8 {[%emt 0:01:13] normal} 1-0

[Event "GER-ch Youth U14 2019"]
[Site "Willingen"]
[Date "2019.06.10"]
[Round "3.6"]
[White "Evering, Soeren"]
[Black "Roehr, Oliver"]
[Result "1-0"]
[WhiteElo "1879"]
[BlackElo "1960"]
[Annotator "NA"]
[PlyCount "46"]
[EventDate "2019.06.07"]
[EventType "swiss"]
[EventRounds "9"]
[EventCountry "GER"]
[SourceTitle "playchess.com"]
[Source "ChessBase"]
[SourceQuality "1"]
[TimeControl "40/5400+30:1800+30"]

1. e4 {[%emt 0:00:00]} e5 {[%emt 0:00:00]} 2. Nf3 {[%emt 0:00:00]} Nc6 {[%emt 0:00:00]} 3. Bb5 {[%emt 0:00:00]} a6 {[%emt 0:00:00]} 4. Ba4 {[%emt 0:00:04]} Nge7 {[%emt 0:00:00]} 5. O-O {[%emt 0:01:28]} g6 {[%emt 0:00:07]} 6. c3 {[%emt 0:05:31]} Bg7 {[%emt 0:00:05]} 7. d4 {[%emt 0:02:50]} exd4 {[%emt 0:00:09]} 8. cxd4 {[%emt 0:02:08]} b5 {[%emt 0:00:09]} 9. Bb3 {[%emt 0:07:13]} O-O {[%emt 0:01:42]} 10. Nc3 {[%emt 0:03:53]} d6 {[%emt 0:00:21]} 11. h3 {[%emt 0:01:38]} Na5 {[%emt 0:00:28]} 12. Bc2 {[%emt 0:07:10]} c5 {[%emt 0:00:47]} 13. Bf4 {[%emt 0:16:15]} Nc4 {[%emt 0:31:03]} 14. b3 {[%emt 0:07:37]} Na5 {[%emt 0:01:07]} 15. Ne2 {[%emt 0:03:04]} Ra7 {[%emt 0:12:07]} 16. Rc1 {[%emt 0:03:53]} c4 {[%emt 0:04:01]} 17. Qd2 {[%emt 0:03:57]} d5 {[%emt 0:04:08]} 18. e5 {[%emt 0:04:41]} Bf5 {[%emt 0:02:25]} 19. Bh6 {[%emt 0:06:42]} Bxc2 {[%emt 0:04:22]} 20. Bxg7 {[%emt 0:00:47]} Kxg7 {[%emt 0:04:14]} 21. Qxc2 {[%emt 0:00:50]} Qd7 {[%emt 0:02:22]} 22. Nf4 {[%emt 0:04:32]} cxb3 {[%emt 0:07:32]} 23. axb3 {[%emt 0:01:17]} Rc8 {[%emt 0:01:17] normal} 1-0

[Event "GER-ch Youth U14 2019"]
[Site "Willingen"]
[Date "2019.06.10"]
[Round "3.7"]
[White "Gallasch, Jonas"]
[Black "Tham, Nam"]
[Result "1-0"]
[WhiteElo "2137"]
[BlackElo "1993"]
[Annotator "NA"]
[PlyCount "57"]
[EventDate "2019.06.07"]
[EventType "swiss"]
[EventRounds "9"]
[EventCountry "GER"]
[SourceTitle "playchess.com"]
[Source "ChessBase"]
[SourceQuality "1"]
[TimeControl "40/5400+30:1800+30"]

1. d4 {[%emt 0:00:00]} d5 {[%emt 0:00:00]} 2. c4 {[%emt 0:00:00]} e6 {[%emt 0:00:00]} 3. Nc3 {[%emt 0:00:00]} c6 {[%emt 0:00:00]} 4. cxd5 {[%emt 0:00:01]} exd5 {[%emt 0:00:00]} 5. Qc2 {[%emt 0:00:08]} Bd6 {[%emt 0:00:00]} 6. Nf3 {[%emt 0:00:48]} Ne7 {[%emt 0:00:00]} 7. Bg5 {[%emt 0:00:38]} f6 {[%emt 0:00:00]} 8. Bd2 {[%emt 0:00:06]} Bf5 {[%emt 0:00:57]} 9. e4 {[%emt 0:00:16]} dxe4 {[%emt 0:00:33]} 10. Nxe4 {[%emt 0:02:16]} O-O {[%emt 0:02:26]} 11. Bd3 {[%emt 0:00:25]} Bxe4 {[%emt 0:00:21]} 12. Bxe4 {[%emt 0:00:08]} f5 {[%emt 0:00:03]} 13. Bd3 {[%emt 0:01:04]} Qd7 {[%emt 0:00:28]} 14. O-O {[%emt 0:00:53]} Kh8 {[%emt 0:02:15]} 15. Rfe1 {[%emt 0:02:06]} Nd5 {[%emt 0:10:05]} 16. a3 {[%emt 0:08:24]} h6 {[%emt 0:12:29]} 17. Nh4 {[%emt 0:04:19]} Ne7 {[%emt 0:05:42]} 18. Rxe7 {[%emt 0:13:17]} Bxe7 {[%emt 0:00:37]} 19. Ng6+ {[%emt 0:00:08]} Kg8 {[%emt 0:00:06]} 20. Bxf5 {[%emt 0:00:52]} Rxf5 {[%emt 0:01:26]} 21. Qxf5 {[%emt 0:01:17]} Bf6 {[%emt 0:00:53]} 22. Qf3 {[%emt 0:24:53]} Na6 {[%emt 0:14:43]} 23. Bc3 {[%emt 0:03:52]} Nc7 {[%emt 0:01:39]} 24. Re1 {[%emt 0:05:39]} Nd5 {[%emt 0:00:55]} 25. Ne5 {[%emt 0:03:54]} Qc7 {[%emt 0:01:09]} 26. Qf5 {[%emt 0:04:11]} Rd8 {[%emt 0:08:28]} 27. Qe6+ {[%emt 0:09:26]} Kh7 {[%emt 0:00:41]} 28. Nf7 {[%emt 0:01:54]} Rf8 {[%emt 0:02:53]} 29. Nd6 {[%emt 0:00:38] normal} 1-0

[Event "GER-ch Youth U14 2019"]
[Site "Willingen"]
[Date "2019.06.10"]
[Round "3.8"]
[White "Lutz, Ruben"]
[Black "Matthaei, Jakob"]
[Result "1-0"]
[WhiteElo "2055"]
[BlackElo "1666"]
[Annotator "NA"]
[PlyCount "46"]
[EventDate "2019.06.07"]
[EventType "swiss"]
[EventRounds "9"]
[EventCountry "GER"]
[SourceTitle "playchess.com"]
[Source "ChessBase"]
[SourceQuality "1"]
[TimeControl "40/5400+30:1800+30"]

1. d4 {[%emt 0:00:00]} Nf6 {[%emt 0:00:00]} 2. Nc3 {[%emt 0:00:00]} d5 {[%emt 0:00:00]} 3. Bg5 {[%emt 0:00:00]} Nbd7 {[%emt 0:00:02]} 4. e3 {[%emt 0:00:18]} e6 {[%emt 0:02:35]} 5. Bd3 {[%emt 0:00:54]} c5 {[%emt 0:04:46]} 6. Nf3 {[%emt 0:00:12]} Be7 {[%emt 0:03:07]} 7. O-O {[%emt 0:00:26]} O-O {[%emt 0:00:16]} 8. Re1 {[%emt 0:02:06]} h6 {[%emt 0:02:51]} 9. Bh4 {[%emt 0:00:14]} b6 {[%emt 0:07:12]} 10. dxc5 {[%emt 0:44:25]} Nxc5 {[%emt 0:07:27]} 11. Ne2 {[%emt 0:03:35]} Bb7 {[%emt 0:06:25]} 12. Ned4 {[%emt 0:00:54]} Nfe4 {[%emt 0:08:44]} 13. Bxe7 {[%emt 0:00:29]} Qxe7 {[%emt 0:00:01]} 14. Ne5 {[%emt 0:08:39]} Qc7 {[%emt 0:06:58]} 15. f4 {[%emt 0:01:02]} a6 {[%emt 0:04:17]} 16. Qh5 {[%emt 0:04:52]} Nf6 {[%emt 0:07:49]} 17. Qh4 {[%emt 0:01:04]} Nfd7 {[%emt 0:00:56]} 18. Ng4 {[%emt 0:02:40]} f5 {[%emt 0:05:31]} 19. Nf2 {[%emt 0:01:16]} Rae8 {[%emt 0:01:07]} 20. g4 {[%emt 0:04:41]} Ne4 {[%emt 0:01:59]} 21. gxf5 {[%emt 0:07:09]} exf5 {[%emt 0:01:14]} 22. Nxe4 {[%emt 0:00:10]} fxe4 {[%emt 0:00:26]} 23. Be2 {[%emt 0:01:17]} Nc5 {[%emt 0:03:40] normal} 1-0

[Event "GER-ch Youth U14 2019"]
[Site "Willingen"]
[Date "2019.06.10"]
[Round "3.9"]
[White "Bress, Aaron"]
[Black "Arakelian, Aik"]
[Result "1/2-1/2"]
[WhiteElo "1849"]
[BlackElo "1911"]
[Annotator "NA"]
[PlyCount "45"]
[EventDate "2019.06.07"]
[EventType "swiss"]
[EventRounds "9"]
[EventCountry "GER"]
[SourceTitle "playchess.com"]
[Source "ChessBase"]
[SourceQuality "1"]
[TimeControl "40/5400+30:1800+30"]

1. e4 {[%emt 0:00:00]} c5 {[%emt 0:00:00]} 2. Nf3 {[%emt 0:00:00]} d6 {[%emt 0:00:05]} 3. d4 {[%emt 0:00:03]} cxd4 {[%emt 0:00:10]} 4. Nxd4 {[%emt 0:00:12]} Nf6 {[%emt 0:00:10]} 5. Nc3 {[%emt 0:00:59]} g6 {[%emt 0:00:10]} 6. Be3 {[%emt 0:03:55]} Bg7 {[%emt 0:00:12]} 7. Bc4 {[%emt 0:02:34]} Nc6 {[%emt 0:01:02]} 8. f3 {[%emt 0:01:07]} O-O {[%emt 0:00:18]} 9. Bb3 {[%emt 0:00:33]} Bd7 {[%emt 0:00:22]} 10. Qd2 {[%emt 0:02:04]} Rc8 {[%emt 0:02:51]} 11. O-O-O {[%emt 0:02:09]} Na5 {[%emt 0:01:46]} 12. Kb1 {[%emt 0:06:00]} Nc4 {[%emt 0:01:58]} 13. Bxc4 {[%emt 0:01:02]} Rxc4 {[%emt 0:00:04]} 14. h4 {[%emt 0:03:59]} a6 {[%emt 0:04:59]} 15. h5 {[%emt 0:10:22]} b5 {[%emt 0:04:12]} 16. hxg6 {[%emt 0:03:47]} fxg6 {[%emt 0:00:14]} 17. Nde2 {[%emt 0:14:00]} Qc8 {[%emt 0:14:27]} 18. Bh6 {[%emt 0:08:48]} Rf7 {[%emt 0:07:37]} 19. Bxg7 {[%emt 0:05:52]} Rxg7 {[%emt 0:00:22]} 20. Nf4 {[%emt 0:07:39]} Rc5 {[%emt 0:20:42]} 21. Nd3 {[%emt 0:06:46]} Rc7 {[%emt 0:05:19]} 22. g4 {[%emt 0:01:42]} Be6 {[%emt 0:05:09]} 23. e5 {[%emt 0:07:27] normal} 1/2-1/2

[Event "GER-ch Youth U14 2019"]
[Site "Willingen"]
[Date "2019.06.10"]
[Round "3.10"]
[White "Bui, Bao Anh Le"]
[Black "Schulemann, Gero"]
[Result "1-0"]
[WhiteElo "2065"]
[BlackElo "1862"]
[Annotator "NA"]
[PlyCount "37"]
[EventDate "2019.06.07"]
[EventType "swiss"]
[EventRounds "9"]
[EventCountry "GER"]
[SourceTitle "playchess.com"]
[Source "ChessBase"]
[SourceQuality "1"]
[TimeControl "40/5400+30:1800+30"]

1. e4 {[%emt 0:00:00]} c5 {[%emt 0:00:00]} 2. Nf3 {[%emt 0:00:00]} e6 {[%emt 0:00:00]} 3. b3 {[%emt 0:00:01]} a6 {[%emt 0:08:16]} 4. Bb2 {[%emt 0:00:47]} d6 {[%emt 0:04:07]} 5. d4 {[%emt 0:01:33]} cxd4 {[%emt 0:00:25]} 6. Nxd4 {[%emt 0:00:06]} Nf6 {[%emt 0:00:23]} 7. Nc3 {[%emt 0:01:52]} Qc7 {[%emt 0:01:01]} 8. Qe2 {[%emt 0:00:12]} Be7 {[%emt 0:03:32]} 9. O-O-O {[%emt 0:00:13]} Nbd7 {[%emt 0:01:22]} 10. g4 {[%emt 0:00:12]} Ne5 {[%emt 0:02:53]} 11. g5 {[%emt 0:03:58]} Nfd7 {[%emt 0:01:29]} 12. f4 {[%emt 0:00:20]} Ng6 {[%emt 0:00:35]} 13. Qd2 {[%emt 0:16:29]} h6 {[%emt 0:06:02]} 14. gxh6 {[%emt 0:02:37]} Rxh6 {[%emt 0:01:26]} 15. Rg1 {[%emt 0:05:22]} Bf6 {[%emt 0:03:37]} 16. f5 {[%emt 0:20:26]} Ngf8 {[%emt 0:05:07]} 17. fxe6 {[%emt 0:03:33]} fxe6 {[%emt 0:01:32] normal} 18. Nf5 {[%emt 0:17:21]} d5 {[%emt 0:06:18]} 19. Nxh6 {[%emt 0:03:19] normal} 1-0

[Event "GER-ch Youth U14 2019"]
[Site "Willingen"]
[Date "2019.06.10"]
[Round "3.11"]
[White "Gutewort, Paul Emil"]
[Black "Eilenberg, Jonas"]
[Result "0-1"]
[WhiteElo "1708"]
[BlackElo "1934"]
[Annotator "NA"]
[PlyCount "84"]
[EventDate "2019.06.07"]
[EventType "swiss"]
[EventRounds "9"]
[EventCountry "GER"]
[SourceTitle "playchess.com"]
[Source "ChessBase"]
[SourceQuality "1"]
[TimeControl "40/5400+30:1800+30"]

1. d4 {[%emt 0:00:00]} d5 {[%emt 0:00:00]} 2. Bf4 {[%emt 0:00:00]} e6 {[%emt 0:00:31]} 3. e3 {[%emt 0:00:00]} Nf6 {[%emt 0:00:08]} 4. Nd2 {[%emt 0:00:00]} Bd6 {[%emt 0:00:12]} 5. Bg3 {[%emt 0:00:00]} O-O {[%emt 0:00:16]} 6. c3 {[%emt 0:00:11]} c5 {[%emt 0:00:19]} 7. Bd3 {[%emt 0:00:17]} Nc6 {[%emt 0:00:08]} 8. Ngf3 {[%emt 0:00:13]} b6 {[%emt 0:00:13]} 9. Qe2 {[%emt 0:00:09]} Re8 {[%emt 0:02:13]} 10. Bxd6 {[%emt 0:11:20]} Qxd6 {[%emt 0:00:07]} 11. O-O {[%emt 0:00:08]} e5 {[%emt 0:04:54]} 12. dxe5 {[%emt 0:00:06]} Nxe5 {[%emt 0:00:06]} 13. Nxe5 {[%emt 0:01:01]} Qxe5 {[%emt 0:00:12]} 14. Nf3 {[%emt 0:01:27]} Qc7 {[%emt 0:02:10]} 15. h3 {[%emt 0:04:17]} Bb7 {[%emt 0:01:25]} 16. Qc2 {[%emt 0:02:20]} Rad8 {[%emt 0:05:02]} 17. Rfe1 {[%emt 0:02:20]} Ne4 {[%emt 0:03:21]} 18. Rad1 {[%emt 0:05:07]} h6 {[%emt 0:03:06]} 19. Nd2 {[%emt 0:16:34]} Nf6 {[%emt 0:02:53]} 20. Nf3 {[%emt 0:00:38]} a6 {[%emt 0:03:26]} 21. a3 {[%emt 0:04:06]} Qe7 {[%emt 0:01:13]} 22. Be2 {[%emt 0:03:38]} Ne4 {[%emt 0:03:24]} 23. Bd3 {[%emt 0:00:49]} Qf6 {[%emt 0:02:58]} 24. Bxe4 {[%emt 0:05:06]} dxe4 {[%emt 0:00:23]} 25. Nh2 {[%emt 0:00:26]} Qg6 {[%emt 0:01:43]} 26. Nf1 {[%emt 0:01:21]} Rd3 {[%emt 0:03:41]} 27. Ng3 {[%emt 0:02:19]} Red8 {[%emt 0:01:21]} 28. Qe2 {[%emt 0:01:44]} c4 {[%emt 0:03:27]} 29. Qf1 {[%emt 0:04:25]} Bc8 {[%emt 0:02:52]} 30. Kh1 {[%emt 0:04:05]} b5 {[%emt 0:01:36]} 31. Ne2 {[%emt 0:01:34]} Qh5 {[%emt 0:00:55]} 32. Rb1 {[%emt 0:00:53]} g5 {[%emt 0:01:15]} 33. Kg1 {[%emt 0:03:06]} Kh8 {[%emt 0:03:32]} 34. Ng3 {[%emt 0:02:45]} Qh4 {[%emt 0:01:58]} 35. Ne2 {[%emt 0:00:40]} Rg8 {[%emt 0:02:56]} 36. g3 {[%emt 0:04:52]} Qxh3 {[%emt 0:00:10]} 37. Qxh3 {[%emt 0:00:04]} Bxh3 {[%emt 0:00:05]} 38. Nd4 {[%emt 0:01:02]} Bd7 {[%emt 0:03:23]} 39. Kg2 {[%emt 0:00:52]} Kg7 {[%emt 0:00:33]} 40. Rg1 {[%emt 0:02:24]} Kf6 {[%emt 0:02:25]} 41. Rh1 {[%emt 0:30:18]} Rg6 {[%emt 0:30:41]} 42. Rhe1 {[%emt 0:00:19]} Kg7 {[%emt 0:00:35] normal} 0-1